000 00749nam a2200217Ia 4500
001 4394
003 GE_BSU
008 181216s||||||||xx |||||||||||||| ||und||
020 _a5247013182
040 _cGE_BSU
080 _a658.562.3:622.629
100 _aАбдуллаев,А.А. Бланк,В.В. Юфин,В.А.
245 _aКонтроль в процессах транспорта и хранения нефтепродуктов.
245 _cзав. ред. Н.И.Игнатьева.
260 _aМосква.
260 _bНедра.
260 _c1990.
300 _a263с;21см;ил.
653 _aКонтроль в процессах транспорта и хранения нефтепродуктов.
942 _cBK
999 _c38384
_d38384